Statistics for Counties of Scotland

Click here to take the quiz!

General Stats

  • This quiz has been taken 6,231 times
  • The average score is 14 of 33

Answer Stats

County% Correct
Aberdeenshire
79%
East Lothian
62%
Fife
62%
Shetland
62%
West Lothian
62%
Ayrshire
61%
Orkney
60%
Perthshire
59%
Midlothian
57%
Argyll
54%
Lanarkshire
53%
Angus
51%
Stirlingshire
49%
Inverness-shire
46%
Renfrewshire
46%
Moray
45%
Bute
44%
Clackmannanshire
38%
Dumfriesshire
38%
Dunbartonshire
38%
Sutherland
38%
Caithness
35%
Berwickshire
34%
Banffshire
30%
Ross and Cromarty
30%
Nairnshire
27%
Wigtownshire
27%
Kinross-shire
26%
Peeblesshire
26%
Roxburghshire
26%
Selkirkshire
26%
Kincardineshire
24%
Kirkcudbrightshire
24%

Score Distribution

Percentile by Number Answered

Percent of People with Each Score

Your Score History

You have not taken this quiz